Zahlen mit Feststelltaste decodieren - Statistiken

Allgemein
  • Dieses Quiz wurde 49 mal gespielt
  • Das Durchschnittsergebnis liegt bei 18 aus 20
Antwortstatistiken
Feststelltaste Normal % Korrekt
!=!& 1016
100%
!=%! 1051
100%
!=%§ 1053
100%
!=/! 1071
100%
!=// 1077
100%
!!!§ 1113
100%
!!$& 1146
100%
!"%( 1258
100%
!"&! 1261
100%
!"/= 1270
100%
!"// 1277
100%
!§$! 1341
100%
!§&= 1360
100%
!§() 1389
100%
!§)$ 1394
100%
!$== 1400
100%
!$=& 1406
100%
!$!= 1410
100%
!$$" 1442
100%
!$%% 1455
100%
!$&& 1466
100%
!%=/ 1507
100%
!%"$ 1524
100%
!%(! 1581
100%
!%)) 1599
100%
!&!= 1610
100%
!&$$ 1644
100%
!&&/ 1667
100%
!&&) 1669
100%
!&() 1689
100%
!&)& 1696
100%
!/!& 1716
100%
!/!/ 1717
100%
!/§" 1732
100%
!//= 1770
100%
!//" 1772
100%
!/(= 1780
100%
!/)) 1799
100%
!("= 1820
100%
!)"$ 1924
100%
!)"/ 1927
100%
!)$& 1946
100%
!)&$ 1964
100%
!)/% 1975
100%
!)(/ 1987
100%
!))= 1990
100%
"!=! 2101
100%
"!=" 2102
100%
"!!( 2118
100%
"!"§ 2123
100%
"!"( 2128
100%
"!$" 2142
100%
"!%! 2151
100%
"!/" 2172
100%
"!)( 2198
100%
""§/ 2237
100%
""/) 2279
100%
""(& 2286
100%
"§"! 2321
100%
"§§) 2339
100%
"§&$ 2364
100%
"§/§ 2373
100%
"§(( 2388
100%
"§)! 2391
100%
"$§" 2432
100%
"$§) 2439
100%
"$%) 2459
100%
"%=% 2505
100%
"%$/ 2547
100%
"%$( 2548
100%
"%)! 2591
100%
"&=& 2606
100%
"&%! 2651
100%
"&/! 2671
100%
"&(! 2681
100%
"/!§ 2713
100%
"/§! 2731
100%
"/&= 2760
100%
"/&) 2769
100%
"//" 2772
100%
"(§! 2831
100%
"($/ 2847
100%
"((" 2882
100%
§!%) 3159
100%
§!&$ 3164
100%
§!)= 3190
100%
§")" 3292
100%
§§"& 3326
100%
§§$/ 3347
100%
§§&( 3368
100%
§$=! 3401
100%
§$$( 3448
100%
§$%" 3452
100%
§$&§ 3463
100%
§%=! 3501
100%
§%=( 3508
100%
§&§/ 3637
100%
§&($ 3684
100%
§&)% 3695
100%
§/!/ 3717
100%
§/§( 3738
100%
§(%) 3859
100%
§(/" 3872
100%
§(/( 3878
100%
§()) 3899
100%
§)/$ 3974
100%
$==$ 4004
100%
$=§§ 4033
100%
$=%( 4058
100%
$=&= 4060
100%
$=&§ 4063
100%
$=&/ 4067
100%
$=(( 4088
100%
$=)§ 4093
100%
$!"" 4122
100%
$!$= 4140
100%
$!&" 4162
100%
$!/= 4170
100%
$!(/ 4187
100%
$"=! 4201
100%
$"=% 4205
100%
$"!" 4212
100%
$"!/ 4217
100%
$"/& 4276
100%
$"// 4277
100%
$§"! 4321
100%
$$== 4400
100%
$$!= 4410
100%
$$§! 4431
100%
$$&& 4466
100%
$$/! 4471
100%
$%!§ 4513
100%
$%$$ 4544
100%
$%%! 4551
100%
$%&) 4569
100%
$&") 4629
100%
$&/& 4676
100%
$&(/ 4687
100%
$/!/ 4717
100%
$//! 4771
100%
$(=( 4808
100%
$)"" 4922
100%
%=!% 5015
100%
%=/§ 5073
100%
%=(! 5081
100%
%!=! 5101
100%
%!"" 5122
100%
%!§§ 5133
100%
%!§/ 5137
100%
%!&! 5161
100%
%!&& 5166
100%
%!($ 5184
100%
%!)& 5196
100%
%"$! 5241
100%
%$%% 5455
100%
%$&! 5461
100%
%$/& 5476
100%
%$(( 5488
100%
%%!( 5518
100%
%%%) 5559
100%
%&"& 5626
100%
%&§% 5635
100%
%&$§ 5643
100%
%&$/ 5647
100%
%/!" 5712
100%
%/$/ 5747
100%
%/)" 5792
100%
%(!/ 5817
100%
%("= 5820
100%
%((( 5888
100%
%()= 5890
100%
%)!" 5912
100%
%)&( 5968
100%
%)/( 5978
100%
&==& 6006
100%
&==( 6008
100%
&=!& 6016
100%
&=!/ 6017
100%
&="& 6026
100%
&=(= 6080
100%
&=)) 6099
100%
&!)( 6198
100%
&"") 6229
100%
&"$! 6241
100%
&"&" 6262
100%
&"&( 6268
100%
&")% 6295
100%
&§!= 6310
100%
&§"& 6326
100%
&§§/ 6337
100%
&§/& 6376
100%
&§() 6389
100%
&$=% 6405
100%
&$%! 6451
100%
&$&$ 6464
100%
&%"% 6525
100%
&%§§ 6533
100%
&%%& 6556
100%
&%&$ 6564
100%
&%(§ 6583
100%
&&!$ 6614
100%
&&"% 6625
100%
&&§% 6635
100%
&&%/ 6657
100%
&&(! 6681
100%
&&(( 6688
100%
&/=% 6705
100%
&/=/ 6707
100%
&/!! 6711
100%
&/"" 6722
100%
&/$) 6749
100%
&//) 6779
100%
&/)/ 6797
100%
&($( 6848
100%
&(%/ 6857
100%
&()= 6890
100%
&)"& 6926
100%
&)/$ 6974
100%
&)(/ 6987
100%
&))) 6999
100%
/==& 7006
100%
/=!! 7011
100%
/=§/ 7037
100%
/!=$ 7104
100%
/!§& 7136
100%
/!&) 7169
100%
/!/% 7175
100%
/!/& 7176
100%
/!/( 7178
100%
/"=/ 7207
100%
/"!= 7210
100%
/""( 7228
100%
/"%% 7255
100%
/")= 7290
100%
/§== 7300
100%
/§"$ 7324
100%
/§%! 7351
100%
/§/= 7370
100%
/§/! 7371
100%
/§)& 7396
100%
/$!) 7419
100%
/$$$ 7444
100%
/$%( 7458
100%
/$/$ 7474
100%
/$(§ 7483
100%
/$)% 7495
100%
/%&= 7560
100%
/%(! 7581
100%
/&!& 7616
100%
/&§% 7635
100%
/&$& 7646
100%
/&(" 7682
100%
/&)& 7696
100%
/&)/ 7697
100%
//=/ 7707
100%
//!§ 7713
100%
/(!& 7816
100%
/("= 7820
100%
/(&" 7862
100%
/((§ 7883
100%
/((& 7886
100%
/)!$ 7914
100%
/)!) 7919
100%
/)&= 7960
100%
/)&" 7962
100%
/)/! 7971
100%
/)(( 7988
100%
(=%! 8051
100%
(=%% 8055
100%
(=/$ 8074
100%
(=(% 8085
100%
(=(/ 8087
100%
(=)( 8098
100%
(!!§ 8113
100%
(!"$ 8124
100%
(!§% 8135
100%
("=" 8202
100%
("%§ 8253
100%
("%/ 8257
100%
(§!% 8315
100%
(§)§ 8393
100%
($§= 8430
100%
($$( 8448
100%
($&) 8469
100%
($)& 8496
100%
(%%/ 8557
100%
(%&$ 8564
100%
(%&& 8566
100%
(%/& 8576
100%
(%)" 8592
100%
(&=( 8608
100%
(&!( 8618
100%
(&") 8629
100%
(&§) 8639
100%
(&%= 8650
100%
(/$= 8740
100%
(/$§ 8743
100%
((=% 8805
100%
((") 8829
100%
((/= 8870
100%
(((& 8886
100%
(((( 8888
100%
()!$ 8914
100%
)==$ 9004
100%
)=!§ 9013
100%
)="" 9022
100%
)=%! 9051
100%
)!$! 9141
100%
)!%§ 9153
100%
)!&( 9168
100%
)!/$ 9174
100%
)!)= 9190
100%
)!)/ 9197
100%
)"=/ 9207
100%
)"$" 9242
100%
)"&= 9260
100%
)§!§ 9313
100%
)§"" 9322
100%
)§&% 9365
100%
)§&) 9369
100%
)§(§ 9383
100%
)§)= 9390
100%
)$=% 9405
100%
)$=( 9408
100%
)$§§ 9433
100%
)$%$ 9454
100%
)$&& 9466
100%
)%!% 9515
100%
)%§§ 9533
100%
)%§/ 9537
100%
)%(§ 9583
100%
)&%/ 9657
100%
)&/= 9670
100%
)&(( 9688
100%
)/%= 9750
100%
)/&) 9769
100%
)(!( 9819
100%
))§& 9936
100%
))%$ 9954
100%
))($ 9984
100%
))(% 9985
100%
))(/ 9987
100%
)))& 9996
100%
)))§ 9993
83%
!""& 1226
80%
§)&= 3960
80%
%!(! 5181
80%
)%/) 9579
80%
!&!/ 1617
75%
"$!% 2415
75%
")&! 2961
75%
§$&( 3468
75%
§%/& 3576
75%
$§$( 4348
75%
$§%! 4351
75%
%§)= 5390
75%
%&$( 5648
75%
&("/ 6827
75%
/=&& 7066
75%
/("& 7826
75%
(!"$ 8124
75%
(§$& 8346
75%
)=)$ 9094
75%
)!!! 9111
75%
)$"§ 9423
75%
)((% 9885
75%
!=/) 1079
67%
!&§" 1632
67%
"!=$ 2104
67%
""%$ 2254
67%
$=$§ 4043
67%
$!)! 4191
67%
$$%$ 4454
67%
%=$/ 5047
67%
%)=" 5902
67%
&)§! 6931
67%
//(/ 7787
67%
(""" 8222
67%
((&! 8861
67%
)$!( 9418
67%
//(" 7782
60%
!§$% 1345
50%
!$!! 1411
50%
!%§( 1538
50%
"$!! 2411
50%
"%(! 2581
50%
"(&/ 2867
50%
§($§ 3843
50%
$!=$ 4104
50%
$"") 4229
50%
$"$= 4240
50%
$§/§ 4373
50%
$&/( 4678
50%
%=$& 5046
50%
%§!= 5310
50%
%&§/ 5437
50%
&=$$ 6044
50%
&=)$ 6094
50%
&!&$ 6164
50%
&"/( 6278
50%
&$// 6477
50%
&(§) 6839
50%
&(/= 6870
50%
/)$& 7946
50%
(/") 8729
50%
)!/= 9170
50%
)$)! 9491
50%
!="" 1022
0%
!!$( 1148
0%
!!// 1177
0%
!§/= 1370
0%
!%)% 1595
0%
!&$) 1649
0%
!("" 1822
0%
!(%= 1850
0%
!(&/ 1867
0%
"=&= 2060
0%
"=&" 2062
0%
"!($ 2184
0%
""%& 2256
0%
"§=) 2309
0%
"§!" 2312
0%
"/"% 2725
0%
"(!( 2818
0%
"(§§ 2833
0%
")== 2900
0%
")/! 2971
0%
§=!" 3012
0%
§=)= 3090
0%
§!!§ 3113
0%
§§/( 3378
0%
§/!) 3716
0%
§/§& 3736
0%
$==§ 4003
0%
$=§& 4036
0%
$=&% 4065
0%
$"$( 4248
0%
$$$! 4441
0%
$$/& 4476
0%
$%/( 4578
0%
$&/= 4670
0%
$)!§ 4913
0%
$)"& 4926
0%
$)/$ 4974
0%
%=%) 5059
0%
%§!& 5316
0%
%§/§ 5373
0%
%&§( 5638
0%
%&$& 5646
0%
%)"& 5926
0%
%)$" 5942
0%
%)$$ 5944
0%
&!$( 6148
0%
&"&§ 6263
0%
&§&= 6360
0%
&%"$ 6524
0%
&%/& 6576
0%
&%(! 6581
0%
&&§= 6630
0%
&/§& 6736
0%
&/&= 6760
0%
&)"" 6922
0%
&)$/ 6947
0%
/=&/ 7067
0%
/!$! 7141
0%
/"!§ 7213
0%
/$"= 7420
0%
/%)" 7592
0%
/&&! 7661
0%
//§§ 7733
0%
/(&$ 7864
0%
/((% 7885
0%
/)"" 7922
0%
(==$ 8004
0%
(!"% 8125
0%
(!"/ 8127
0%
(!/$ 8174
0%
($/) 8479
0%
(%=" 8502
0%
(%/" 8572
0%
(%(( 8588
0%
(/=§ 8703
0%
(("§ 8823
0%
()=) 8909
0%
()§/ 8937
0%
)=§) 9039
0%
)=$) 9049
0%
)=(! 9081
0%
)!§& 9136
0%
)!%& 9156
0%
)!&$ 9164
0%
)!/" 9172
0%
)!)! 9191
0%
)§") 9329
0%
)§§/ 9337
0%
)§$! 9341
0%
)&$& 9646
0%
)/$" 9742
0%
)(§$ 9834
0%
))!) 9919
0%
Keine übereinstimmenden Quizze gefunden
Verteilung der Resultate
Anzahl Personen mit jedem Resultat
Perzentil nach korrekt beantworteten Fragen
Ihre Resultats-Entwicklung
Sie haben dieses Quiz noch nicht gespielt